Rumbo a la lectura I : libro para el promotor /

Gorde:
Xehetasun bibliografikoak
Egile nagusia: Cirianni, Gerardo (autor)
Beste egile batzuk: Peregrina, Luz María (autor) (autor), Bastida Herrera, Irma (ilustración) (ilustración)
Formatua: Liburua
Hizkuntza:gaztelania
Argitaratua: Toluca, México : Gobierno del Estado de México, Secretaría de Cultura, 2018, c2018
Saila:(Letras FOEM ; En Busca del Lector) 3.
Gaiak:
Etiketak: Etiketa erantsi
Etiketarik gabe, Izan zaitez lehena erregistro honi etiketa jartzen!

MARC

LEADER 00000nam^a2200000^a^4500
001 000593809
005 20250521000000.0
009 20260310133014.143
020 |a 978-607-495-656-6 
020 |a 978-607-495-655-9 
037 |a Acervo ITESO - Biblioteca 
041 |a ESP 
082 |a 302. 232  |b LET ENB V. 3 
100 |a Cirianni, Gerardo  |e (autor) 
240 1 1 |a [Letras FOEM: En busca del lector] 
245 1 0 |a Rumbo a la lectura I :  |b libro para el promotor /  |c G. Cirianni, L.M. Peregrina ; il. de I. Bastida Herrera. 
264 4 |a Toluca, México :  |b Gobierno del Estado de México, Secretaría de Cultura,  |c 2018, c2018 
300 |a 191 p. 
336 |a texto  |b txt  |2 rdacontenido 
337 |a sin mediación  |b n  |2 rdamedio 
338 |a volumen  |b nc  |2 rdasoporte 
440 1 |a (Letras FOEM ;  |v 3.  |p En Busca del Lector) 
521 |a FIL 2024 DIA 
649 |a XX 
650 |a Comprensión 
650 |a Lenguaje y Pensamiento 
650 |a Narración de Cuentos 
650 |a Lectura Oral 
650 |a Lectoescritura 
650 |a Lectura -  |x Estudio y Enseñanza -  |x Tema Principal 
650 |a Lectura -  |x Difusión 
650 |a Comunicación Escrita 
650 |a Comunicación Oral 
650 |a Hábitos 
650 |a Prácticas Culturales 
650 |a Lenguaje y Educación 
650 |a Comunicación 
650 |a Ciencias Sociales 
700 |a Peregrina, Luz María  |e (autor) 
700 |a Bastida Herrera, Irma  |e (ilustración) 
910 |a Fondo General 
920 |a Impresos - Libros 
930 |a Colección General 
905 |a 101 
901 |a 593809-10  |b IT1  |c ACC  |i C189114  |u 20250521 
902 |a https://opac.biblio.iteso.mx/vufind/Record/000593809